000 01240nam0a2200349 4500
001 RU\NLR\BIBL_A\022315064
005 20260420014235.0
010 _a978-5-392-41641-7
_93000
021 _aRU
_bКН-П-24-043386
_9КН-П-24-4321
021 _aRU
_bКН-П-24-043462
_9КН-П-24-4328
035 _a(NLR Aleph) 022315064
090 _a13664602
_c13664602
100 _a20240905d2024 u y0rusy50 ca
101 0 _arus
102 _aRU
105 _aac z 000yy
181 0 _ai
_baxxe
182 0 _an
200 1 _aФизика на каждом шагу
_fЯ. И. Перельман
203 _aТекст
_bвизуальный
_cнепосредственный
210 _aМосква
_cПроспект
_d2024
215 _a183 с.
_cил., портр.
_d21
225 1 _aДом занимательной науки
606 1 _aЗанимательная физика
_92174935
_3RU\NLR\AUTH\661308097
686 0 _aШ9
_bВ3
686 1 _aВ3я92
700 1 _7ca
_8rus
_aПерельман
_bЯ. И.
_f1882-1942
_gЯков Исидорович
_928413
_3RU\NLR\AUTH\7745475
942 _cBOOK
980 _aNB